| 000 | 01406cam a2200373 i 4500 | ||
|---|---|---|---|
| 001 | 19404186 | ||
| 003 | OSt | ||
| 005 | 20230926162138.0 | ||
| 008 | 161212r20182010nyua b 001 0 eng | ||
| 010 | _a 2016055257 | ||
| 020 | _a9789353433062 | ||
| 020 | _a9780134689616 (pbk.) | ||
| 020 | _a0134689615 (pbk.) | ||
| 040 |
_aDLC _beng _cDLC _erda _dDLC |
||
| 042 | _apcc | ||
| 050 | 0 | 0 |
_aQA164 _b.B76 2018 |
| 082 | 0 | 0 |
_a511.6 _bBRU/I |
| 100 | 1 | _aBrualdi, Richard A. | |
| 245 | 1 | 0 |
_aIntroductory combinatorics / _cRichard A. Brualdi, University of Wisconsin, Madison. |
| 250 | _aFifth edition [2018 reissue]. | ||
| 264 | 1 |
_aNew York, NY : _bPearson, _c[2018] |
|
| 300 |
_axi, 605 pages : _billustrations ; _c24 cm. |
||
| 336 |
_atext _btxt _2rdacontent |
||
| 337 |
_aunmediated _bn _2rdamedia |
||
| 338 |
_avolume _bnc _2rdacarrier |
||
| 490 | 0 | _aPearson modern classic | |
| 500 | _aOriginally published in 2010, reissued as part of Pearson's modern classic series. | ||
| 504 | _aIncludes bibliographical references and index. | ||
| 650 | 0 |
_aCombinatorial analysis _vTextbooks. |
|
| 650 | 0 |
_aComputer science _xMathematics. |
|
| 906 |
_a7 _bcbc _corignew _d1 _eecip _f20 _gy-gencatlg |
||
| 942 |
_2ddc _cBK _h511.6 _iBRU/I _k511.6 _mBRU/I |
||
| 999 |
_c42407 _d42407 |
||